000 00549nam a22002057a 4500
003 CEME
005 20220606123753.0
008 210105b xxu||||| |||| 00| 0 eng d
020 _a9780199064380
038 _aASAD
040 _c.
082 _a954.91053 PAK
100 _aMaleeha Lodhi
_99136
245 _aPakistan: Beyond the " Crisis State"
260 _aRAWALPINDI:
_bOXFORD UNIVERSITY PRESS,
_c2011
300 _aXXV, 391P
563 _aHB
650 _aPakistan-Past as Present. Pakistan-Army and Politics
_991763
942 _cBK
_2ddc
999 _c575769
_d575769